Normal view
MARC view
- American drama -- 20th century
Entry Topical Term
001 - CONTROL NUMBER
- control field: 5482
003 - CONTROL NUMBER IDENTIFIER
- control field: JO-AjAnu
005 - DATE AND TIME OF LATEST TRANSACTION
- control field: 20230606071206.0
008 - FIXED-LENGTH DATA ELEMENTS
- fixed length control field: 230606|| aca||aabn | a|a d
040 ## - CATALOGING SOURCE
- Original cataloging agency: JO-AjAnu
- Transcribing agency: JO-AjAnu
150 ## - HEADING--TOPICAL TERM
- Topical term or geographic name entry element: American drama -- 20th century
670 ## - SOURCE DATA FOUND
- Source citation: Work cat.: (JO-AjAnu)2831: Albee, Edward. , author 5481, The sandbo: The Death of Bessie Smith